| 000 | 00779nam a2200193 a 4500 | ||
|---|---|---|---|
| 001 | 000026656 | ||
| 005 | 20200930030333.0 | ||
| 008 | 110324s1975 dr d 000 0 spa d | ||
| 040 |
_aDO-SdBNP _bspa _cBNPHU |
||
| 082 |
_axxx _bB716i |
||
| 100 | 1 |
_aBonnelly de Calventi, Idelisa, _d1935- _953774 |
|
| 245 | 1 | 0 |
_aInforme sobre la pesca en la República Dominicana / _cIdelisa Bonnelly de Calventi. |
| 260 |
_aSanto Domingo : _bUniversidad Autónoma de Santo Domingo, _c1975. |
||
| 300 |
_a87 p. : _bdiagrs. ; _c25 cm. |
||
| 490 | 1 |
_aCiencia y tecnología _vno. 2 |
|
| 490 | 1 |
_aPublicaciones de la Universidad Autónoma de Santo Domingo _vno. 183 |
|
| 830 | 0 |
_aCiencia y tecnología _nno. 2 _953775 |
|
| 830 | 0 |
_aPublicaciones de la Universidad Autónoma de Santo Domingo _nno. 183 _953776 |
|
| 999 |
_c26148 _d26148 |
||